Statistics for 2023 FIFA Women's World Cup Host Cities

Click here to take the quiz!

General Stats

  • This quiz has been taken 36 times
  • The average score is 7 of 9

Answer Stats

GroupAnswer% Correct
AustraliaSydney
97%
AustraliaAdelaide
90%
New ZealandAuckland
90%
AustraliaMelbourne
90%
AustraliaPerth
90%
AustraliaBrisbane
87%
New ZealandWellington
83%
New ZealandDunedin
50%
New ZealandHamilton
33%

Score Distribution

Percentile by Number Answered

Percent of People with Each Score

Your Score History

You have not taken this quiz